Alle Facharztbezeichnungen - Statistiken

Allgemein
  • Dieses Quiz wurde 817 mal gespielt
  • Das Durchschnittsergebnis liegt bei 17 aus 70
Antwortstatistiken
Facharzt für.... % Korrekt
Urologie
90%
Hals-Nasen-Ohrenheilkunde
84%
Frauenheilkunde
81%
Allgemeinmedizin
73%
Allgemeine Chirurgie
67%
Kardiologie
66%
Augenheilkunde
64%
Mund-Kiefer-Gesichtschirurgie
62%
Psychotherapie
61%
Orthopädie
60%
Hautkrankheiten
55%
Innere Medizin
52%
Pneumologie
51%
Physiologie
49%
Neurologie
47%
Onkologie
43%
Anästhesiologie
41%
Radiologie
41%
Gastroenterologie
40%
Unfallchirurgie
35%
Herzchirurgie
33%
Kinder- & Jugendmedizin
31%
Sprach-, Stimm- & kindliche Hörstörungen
31%
Plastische Chirurgie
29%
Pathologie
24%
Psychiatrie
23%
Endokrinologie
21%
Geburtshilfe
21%
Gefäßchirurgie
21%
Nephrologie
21%
Neurochirurgie
21%
Diabetologie
17%
Rheumatologie
17%
Transfusionsmedizin
15%
Hämatologie
13%
Pharmakologie
13%
Anatomie
12%
Strahlentherapie
12%
Thoraxchirurgie
12%
Virologie
12%
Laboratoriumsmedizin
11%
Rechtsmedizin
11%
Humangenetik
10%
Arbeitsmedizin
9%
Biochemie
9%
Kinderchirurgie
9%
Mikrobiologie
9%
Nuklearmedizin
9%
Angiologie
8%
Neonatologie
8%
Umweltmedizin
8%
Geschlechtskrankheiten
7%
Infektionsepidemiologie
7%
Ästhetische Chirurgie
6%
Hygiene
6%
Psychosomatische Medizin
6%
Kinder- & Jugendpsychotherapie
5%
Rehabilitative Medizin
5%
Toxikologie
5%
Visceralchirurgie
5%
Forensik
4%
Kinder- & Jugendpsychiatrie
4%
Neuropathologie
4%
Öffentliches Gesundheitswesen
4%
Physikalische Medizin
4%
Kinderradiologie
3%
Neuropädiatrie
3%
Neuroradiologie
3%
Perinatalmedizin
2%
Reproduktionsmedizin
2%
Keine übereinstimmenden Quizze gefunden
Verteilung der Resultate
Anzahl Personen mit jedem Resultat
Perzentil nach korrekt beantworteten Fragen
Ihre Resultats-Entwicklung
Sie haben dieses Quiz noch nicht gespielt